Statistics for EVERY Mario Game

Click here to take the quiz!

General Stats

  • This quiz has been taken 288 times
    (260 since last reset)
  • The average score is 71 of 299

Answer Stats

ConsoleGame Name% Correct
NESSuper Mario Bros.
99%
Arcade, Game & WatchMario Bros.
90%
ArcadeDonkey Kong
87%
ArcadeVS. Super Mario Bros.
86%
C64Mario Bros. II
78%
NESSuper Mario Bros. 3
74%
N64Super Mario 64
73%
Wii UMario Kart 8
70%
FDSSuper Mario Bros.: The Lost Levels
70%
DSNew Super Mario Bros.
69%
WiiSuper Mario Galaxy
69%
SNESSuper Mario Kart
69%
SNESSuper Mario World
69%
NESSuper Mario Bros. 2
66%
WiiSuper Mario Galaxy 2
66%
N64Mario Party
64%
NES,Game BoyYoshi
64%
N64Mario Party 2
63%
N64Mario Party 3
63%
GCNMario Party 4
63%
GCNMario Party 6
63%
N64, GBCMario Tennis
63%
GCNSuper Mario Sunshine
63%
3DSMario Kart 7
62%
WiiMario Kart Wii
62%
GCNMario Party 5
62%
WiiMario Party 8
62%
Wii USuper Mario 3D World
62%
SwitchSuper Mario Odyssey
62%
SNESSuper Mario World 2: Yoshi's Island
62%
GCNMario Kart: Double Dash!!
60%
GCNMario Party 7
60%
WiiMario Party 9
60%
GCNLuigi's Mansion
59%
N64Mario Kart 64
59%
WiiNew Super Mario Bros. Wii
59%
ArcadeNew Super Mario Bros. Wii Coin World
59%
N64Paper Mario
59%
DSMario Kart DS
58%
Wii UMario Party 10
57%
Wii UNew Super Mario Bros. U
57%
3DSSuper Mario 3D Land
57%
3DSLuigi's Mansion: Dark Moon
56%
SwitchMario Kart 8 Deluxe
56%
N64Super Smash Bros.
56%
3DSNew Super Mario Bros. 2
54%
Switch (UPCOMING)Luigi's Mansion 3
53%
Game BoySuper Mario Land 2: 6 Golden Coins
53%
SNESDonkey Kong Country
52%
ArcadeDonkey Kong Jr.
52%
NESDonkey Kong Jr. + Jr. Math Lesson
52%
N64Mario Golf
52%
WiiSuper Smash Bros. Brawl
52%
GCNSuper Smash Bros. Melee
52%
SwitchSuper Smash Bros. Ultimate
50%
NES, Game BoyDr. Mario
49%
Wii U, 3DSSuper Mario Maker
49%
SwitchSuper Mario Party
49%
IOSSuper Mario Run
49%
WiiSuper Paper Mario
49%
Game BoyWario Land: Super Mario Land 3
49%
GCNPaper Mario: The Thousand-Year Door
48%
Switch (UPCOMING)Super Mario Maker 2
47%
iOS/Android (UPCOMING)Mario Kart Tour
46%
DSMario & Luigi: Bowser's Inside Story
46%
3DSMario & Luigi: Bowser's Inside Story + Bowser Jr.'s Journey
46%
Wii USuper Smash Bros. for Wii U
45%
Wii, DSMario & Sonic at the Olympic Games
43%
3DSSuper Smash Bros. for Nintendo 3DS
43%
GBAMario Kart: Super Circuit
42%
SNESDonkey Kong Country 2: Diddy's Kong Quest
40%
Wii UPaper Mario: Color Splash
40%
NESDonkey Kong 3
39%
Sharp X1Donkey Kong 3: Dai Gyakushuu
39%
GBAMario & Luigi: Superstar Saga
39%
3DSMario & Luigi: Superstar Saga + Bowser's Minions
39%
SwitchNew Super Mario Bros. U Deluxe
39%
3DSPaper Mario: Sticker Star
39%
SNESSuper Mario RPG: Legend of the Seven Stars
38%
SNESDonkey Kong Country 3: Dixie Kong's Double Trouble!
37%
Game & WatchDonkey Kong II
37%
GBAMario vs. Donkey Kong
37%
SNESSuper Mario All-Stars
37%
WiiSuper Mario All-Stars Limited Edition
37%
SNESSuper Mario All-Stars + Super Mario World
37%
WiiDonkey Kong Country Returns
36%
Wii UDonkey Kong Country: Tropical Freeze
36%
DOSMario is Missing!
36%
GBASuper Mario Advance
36%
CD-iHotel Mario
35%
DSMario & Luigi: Partners in Time
35%
N64Donkey Kong 64
34%
3DSMario & Luigi: Dream Team
34%
DSSuper Mario 64 DS
34%
DOSMario Teaches Typing
33%
3DSPoochy & Yoshi's Woolly World
33%
Wii UYoshi's Woolly World
33%
Wii UCaptain Toad: Treasure Tracker
31%
SNESMario Paint
31%
GCNSuper Mario Strikers
31%
GBCWario Land 3
31%
3DSMario & Luigi: Paper Jam
30%
DOS, SNESMario's Time Machine
30%
N64Yoshi's Story
30%
NES, Game BoyYoshi's Cookie
29%
Wii UNew Super Luigi U
28%
DSSuper Princess Peach
28%
GBAWario Land 4
27%
GBAMario Party Advance
26%
3DSMario Party: Island Tour
26%
ArcadeVs. Wrecking Crew
26%
GCNMario Golf: Toadstool Tour
25%
WiiMario Strikers Charged
25%
WiiMario Super Sluggers
25%
NESPunch Out
25%
GCNWario World
25%
NESWrecking Crew
25%
eShopDr. Luigi
22%
N64Dr. Mario 64
22%
ArcadeMario Kart Arcade GP
22%
ArcadeMario Kart Arcade GP VR
22%
3DSMario Party: The Top 100
22%
GCNMario Power Tennis
22%
SwitchYoshi's Crafted World
22%
DSYoshi's Island DS
22%
3DSYoshi's New Island
22%
WiiMario Sports Mix
21%
SNESWario's Woods
21%
Virtual BoyMario Clash
20%
SwitchMario + Rabbids Kingdom Battle
20%
iOS/Android (UPCOMING)Dr. Mario World
19%
DSMario Hoops 3-on-3
19%
3DSMario Party: Star Rush
19%
Wii UMario Tennis: Ultra Smash
19%
ArcadeMario Kart Arcade GP 2
18%
WindowsMario Teaches Typing 2
18%
GBCSuper Mario Bros. Deluxe
18%
N64Diddy Kong Racing
17%
Wii, DSMario & Sonic at the Olympic Winter Games
17%
Wii U, 3DSMario & Sonic at the Rio 2016 Olympic Games
16%
ArcadeMario & Sonic at the Rio 2016 Olympic Games Arcade Edition
16%
Wii UNintendo Land
16%
3DSWarioWare Gold
16%
WiiWarioWare: Smooth Moves
16%
SNESYoshi's Safari
16%
GCNDonkey Konga
15%
GBAMario Pinball Land
15%
Virtual BoyMario's Tennis
15%
3DSMario Golf: World Tour
14%
GCNMario Superstar Baseball
14%
3DSMario Tennis Open
14%
WiiWario Land: Shake It!
14%
GCNDance Dance Revolution: Mario Mix
13%
NESGolf
13%
Game & WatchMario's Bombs Away
13%
Game & WatchMario's Cement Factory
13%
SNESMario & Wario
13%
GBAYoshi Topsy-Turvy
13%
Game BoyDonkey Kong Land
12%
3DSMario Sports Superstars
12%
NESPinball
12%
Game BoyMario's Picross
11%
WiiNew Play Control! Donkey Kong Jungle Beat
11%
DSWarioWare: D.I.Y.
11%
Wii (WiiWare)WarioWare: D.I.Y. Showcase
11%
DSWarioWare: Touched!
11%
WiiDonkey Kong Barrel Blast
10%
GCNDonkey Kong Jungle Beat
10%
Game BoyDonkey Kong Land 2
10%
WiiWareDr. Mario Online Rx
10%
Wii UGame & Wario
10%
N64DDMario Artist: Polygon Studio
10%
SNESMario's Early Years! Fun with Letters
10%
SNESMario's Early Years! Fun with Numbers
10%
Wii, 3DSMario & Sonic at the London 2012 Olympic Games
10%
GBAMario Tennis: Power Tour
10%
Wii U, 3DSMario vs. Donkey Kong: Tipping Stars
10%
NESNES Open Tournament Golf
10%
GBASuper Mario Advance 4: Super Mario Bros. 3
10%
NEC PCSuper Mario Bros. Special
10%
GBAWarioWare: Twisted!
10%
GCNDonkey Konga 2
9%
Game BoyGame & Watch Gallery
9%
ArcadeMario Kart Arcade GP DX
9%
DSMario vs. Donkey Kong: Mini-Land Mayhem!
9%
Game Boy, GBCWario Land II
9%
GBA, GCNWarioWare, Inc.: Mega Microgame$!
9%
DSYoshi Touch & Go
9%
WiiFortune Street
8%
Game BoyGame & Watch Gallery 2
8%
e-ReaderMario Party-e
8%
Wii UMario & Sonic at the Sochi 2014 Olympic Winter Games
8%
Switch (UPCOMING)Mario & Sonic at the Tokyo 2020 Olympic Games
8%
Game & WatchMario the Juggler
8%
Wii U, 3DSMini Mario & Friends: amiibo Challenge
8%
SNESTetris Attack
8%
Game & WatchDonkey Kong Hockey
7%
NESDonkey Kong Jr. Math
7%
GBCGame & Watch Gallery 3
7%
GBAGame & Watch Gallery 4
7%
SNESMario's Early Years! Preschool Fun
7%
DOSMario's Game Gallery
7%
DSMario vs. Donkey Kong 2: March of the Minis
7%
DSIMario vs. Donkey Kong: Minis March Again!
7%
Wii UNES Remix
7%
Virtual BoyVirtual Boy Wario Land
7%
DSWario: Master of Disguise
7%
GBAYoshi's Island: Super Mario Advance 3
7%
GBADK: King of Swing
6%
Game & WatchDonkey Kong Circus
6%
3DSDr. Mario: Miracle Cure
6%
eShopMario and Donkey Kong: Minis on the Move
6%
GBAMario Golf: Advance Tour
6%
SNESMario's Super Picross
6%
3DSPuzzle & Dragons: Super Mario Bros. Edition
6%
DSiWarioWare: Snapped!
6%
3DSDonkey Kong Country Returns 3D
5%
NEC PCMario Bros. Special
5%
NEC PCPunch Ball Mario Bros.
5%
GBASuper Mario World: Super Mario Advance 2
5%
FDSAll Night Nippon Super Mario Bros.
4%
DSDK: Jungle Climber
4%
DSiDr. Mario Express
4%
N64DDMario Artist: Paint Studio
4%
DSiMario Clock
4%
DOSMario's FUNdamentals
4%
Wii UNES Remix 2
4%
Nelsonic Game WatchSuper Mario Brothers
4%
SNESTetris & Dr. Mario
4%
DSTetris DS
4%
SNES (NP)Wrecking Crew '98
4%
Game BoyAlleyway
3%
DSDiddy Kong Racing DS
3%
GBCDonkey Kong GB: Dinky Kong & Dixie Kong
3%
GBADr. Mario & Puzzle League
3%
FDSFamicom Grand Prix: F-1 Race
3%
DSGame & Watch Collection
3%
FDSI Am a Teacher: Super Mario Sweater
3%
N64DDMario Artist: Communication Kit
3%
N64DDMario Artist: Talent Studio
3%
DSiMario Calculator
3%
GCNNintendo Puzzle Collection
3%
NESQix
3%
3DSUltimate NES Remix
3%
Game BoyWario Blast: Featuring Bomberman!
3%
NESDonkey Kong Classics
2%
Game BoyDonkey Kong Land III
2%
SNES (BS-X)Excitebike: Bun Bun Mario Battle Stadium
2%
DSItadaki Street DS
2%
N64Mario no Photopi
2%
GBCMobile Golf
2%
Game BoyPicross 2
2%
Wii U, Wii, 3DSSkylanders: SuperChargers
2%
Nelsonic Game WatchSuper Mario Race
2%
DSiBird & Beans
1%
GBAClassic NES Series: Dr. Mario
1%
ArcadeDonkey Kong: Jungle Fever
1%
FDSFamicom Grand Prix II: 3D Hot Rally
1%
GBAFamicom Mini: Mario Bros.
1%
GBAFamicom Mini: Super Mario Bros. 2
1%
GBAFamicom Mini: Wrecking Crew
1%
Game & WatchGreenhouse
1%
FDSKaettekita Mario Bros.
1%
e-ReaderMario Bros.-e
1%
Pinball MachineMario Bros Pinball
1%
GBCMario Family
1%
ArcadeMario Roulette
1%
ArcadeMario Undoukai
1%
New 3DSMinecraft: New Nintendo 3DS Edition
1%
SwitchMinecraft: Nintendo Switch Edition Super Mario Mash-Up Pack
1%
Wii UMinecraft: Wii U Edition Super Mario Mash-Up Pack
1%
GCNNBA Street V3
1%
Wii UNES Remix Pack
1%
WiiNew Play Control! Mario Power Tennis
1%
Super FamicomPanel de Pon
1%
DSiPaper Airplane Chase
1%
SatellaviewSatella-Q
1%
GCNSSX on Tour
1%
DOSSuper Mario Bros. & Friends: When I Grow Up
1%
Nelsonic Game WatchSuper Mario Brothers 2
1%
Nelsonic Game WatchSuper Mario Brothers 3
1%
Nelsonic Game WatchSuper Mario Brothers 4
1%
ArcadeSuper Mario Fushigi no Korokoro Party
1%
SatellaviewUndake30 Same Game
1%
DSYakuman DS
1%
WiiCaptain Rainbow
0%
GBAClassic NES Series: Donkey Kong
0%
GBAClassic NES Series: Super Mario Bros.
0%
GCNDonkey Konga 3: Tabehōdai! Haru Mogitate 50 Kyoku
0%
ArcadeDonkey Kong: Banana Kingdom
0%
SNESKirby Super Star Ultra 8 games in one
0%
ArcadeMario Party Fushigi no Challenge World
0%
ArcadeMario Party Fushigi no Korokoro Catcher
0%
3DSRhythm Heaven Megamix
0%
Pinball MachineSuper Mario Bros. Mushroom World
0%
DOSSuper Mario Bros. Print World
0%
ArcadeSuper Mario Fushigi no Janjan Land
0%
ArcadeSuper Mario Fushigi no Korokoro Party 2
0%
SNESYoshi no Cookie: Kuruppon Oven de Cookie
0%

Score Distribution

Percentile by Number Answered

Percent of People with Each Score

Your Score History

You have not taken this quiz since the last reset